000 00318 a2200157 4500
001 193084
020 _a978-85-7530-404-4
040 _cMagnum
100 _aTrindade, Kátia
240 1 0 _aGentileza
_lpor
245 1 0 _aGentileza
300 _a15
362 0 _a2015
697 _aLITERATURA INFANTIL
942 _cBK
999 _c193084
_d193084